000
00306nam a2200121Ia 4500
008
230411s9999 xx 000 0 und d
041
_a
eng
082
_a
X/613.7046/VAS/B04057
100
_a
Vaswani J P
245
_a
Little Book Of Yoga
260
_b
Sterling Publishers
_a
New Delhi
999
_c
154830
_d
154830